[Event "Titled Tuesday intern op 12th Apr Early"]
[Site "Chess.com INT"]
[Date "2022.04.12"]
[Round "8"]
[White "Bowden, Karl"]
[Black "Lagumina, Giulio"]
[Result "0-1"]
[WhiteElo "2348"]
[BlackElo "2213"]
[PlyCount "44"]
[EventDate "2022.04.12"]
[EventType "swiss (blitz)"]
[EventRounds "11"]
[EventCountry "USA"]
[SourceTitle "CBM 207 Extra"]
[Source "ChessBase"]
[SourceDate "2022.05.31"]
[SourceVersion "1"]
[SourceVersionDate "2022.05.31"]
[SourceQuality "1"]

1. e4 e5 2. Nf3 d6 3. d4 exd4 4. Qxd4 Nf6 5. Nc3 Be7 6. Bg5 0-0 7. 0-0-0 Nc6 8. Qd2 Be6 9. h4 a6 10. Nd5 Nxe4 11. Nxe7+ Nxe7 12. Qe3 Nc5 13. Nd4 Qd7 14. b4 Na4 15. Nxe6 fxe6 16. Bc4 Nd5 17. Bxd5 exd5 18. Rxd5 Rae8 19. Qb3 Kh8 20. Be3 b5 21. Qd3 Qe6 22. Kb1 Qxd5 0-1

[Event "Titled Tuesday intern op 12th Apr Early"]
[Site "Chess.com INT"]
[Date "2022.04.12"]
[Round "2"]
[White "Lagumina, Giulio"]
[Black "Garv, Gaur"]
[Result "0-1"]
[WhiteElo "2213"]
[BlackElo "2062"]
[PlyCount "52"]
[EventDate "2022.04.12"]
[EventType "swiss (blitz)"]
[EventRounds "11"]
[EventCountry "USA"]
[SourceTitle "CBM 207 Extra"]
[Source "ChessBase"]
[SourceDate "2022.05.31"]
[SourceVersion "1"]
[SourceVersionDate "2022.05.31"]
[SourceQuality "1"]

1. e4 c6 2. d4 d5 3. e5 Bf5 4. h4 h5 5. Bd3 Bxd3 6. Qxd3 e6 7. Bg5 Qa5+ 8. Nd2 Qa6 9. c4 Nh6 10. Ne2 Nf5 11. 0-0 Nd7 12. b3 Bb4 13. Ng3 g6 14. Nxf5 gxf5 15. Nf3 Be7 16. Bxe7 Kxe7 17. Qc3 Qb6 18. Rac1 a5 19. Qe3 Rag8 20. Rc3 Rg4 21. cxd5 cxd5 22. Rfc1 Rhg8 23. g3 f4 24. Qd3 fxg3 25. Ng5 gxf2+ 26. Kxf2 Rxd4 0-1

[Event "Titled Tuesday intern op 12th Apr Early"]
[Site "Chess.com INT"]
[Date "2022.04.12"]
[Round "1"]
[White "Lagumina, Giulio"]
[Black "Hua, Lefong"]
[Result "0-1"]
[WhiteElo "2213"]
[BlackElo "2305"]
[PlyCount "84"]
[EventDate "2022.04.12"]
[EventType "swiss (blitz)"]
[EventRounds "11"]
[EventCountry "USA"]
[SourceTitle "CBM 207 Extra"]
[Source "ChessBase"]
[SourceDate "2022.05.31"]
[SourceVersion "1"]
[SourceVersionDate "2022.05.31"]
[SourceQuality "1"]

1. e4 c5 2. Nf3 g6 3. c4 Bg7 4. d4 cxd4 5. Nxd4 Nc6 6. Be3 Nf6 7. Nc3 Ng4 8. Qxg4 Nxd4 9. Qd1 e5 10. Bd3 0-0 11. 0-0 d6 12. Nb5 Nxb5 13. cxb5 Be6 14. Qd2 d5 15. exd5 Qxd5 16. Rfd1 Rfd8 17. Be2 Qxd2 18. Rxd2 e4 19. Rxd8+ Rxd8 20. Bxa7 Bxb2 21. Rb1 Rd2 22. Bf1 Bxa2 23. Re1 f5 24. f3 Bd5 25. Re2 Rxe2 26. Bxe2 Kf7 27. fxe4 fxe4 28. Kf2 Be5 29. g3 Ke6 30. Ke3 Bg7 31. Bc5 h5 32. g4 Bh6+ 33. Kd4 Bg7+ 34. Ke3 h4 35. g5 Kf5 36. Be7 Bb2 37. Bd1 Ke6 38. Bb4 Ke5 39. Bg4 Bc1+ 40. Ke2 Bc4+ 41. Kd1 Bxg5 42. b6 Ba6 0-1

[Event "EU-ch Online U2300 Qual"]
[Site "Chess.com INT"]
[Date "2020.05.25"]
[Round "3"]
[White "Protopopova, Anastasiya"]
[Black "Lagumina, Giulio"]
[Result "1-0"]
[WhiteElo "2192"]
[BlackElo "2199"]
[PlyCount "103"]
[EventDate "2020.05.25"]
[EventType "swiss"]
[EventRounds "8"]
[EventCountry "NET"]
[SourceTitle "EXT 2021"]
[Source "ChessBase"]
[SourceDate "2020.10.23"]
[SourceVersion "1"]
[SourceVersionDate "2020.10.23"]
[SourceQuality "1"]

1. d4 d5 2. c4 c6 3. Nf3 Nf6 4. Nc3 e6 5. Bg5 Nbd7 6. e3 Qa5 7. cxd5 Nxd5 8. Qc2 Bb4 9. Rc1 Nxc3 10. bxc3 Ba3 11. Rb1 b6 12. Bd3 Ba6 13. 0-0 Bxd3 14. Qxd3 0-0 15. e4 Rfe8 16. e5 Bf8 17. Rb2 c5 18. Rd1 cxd4 19. cxd4 Rac8 20. h3 h6 21. Bd2 Qd5 22. Be3 Red8 23. Qb1 Nc5 24. Rb5 a6 25. Rxb6 Na4 26. Rxa6 Nc3 27. Qd3 Nxd1 28. Qxd1 Ra8 29. Rxa8 Rxa8 30. a4 Qc4 31. Nd2 Qxa4 32. Qg4 Kh8 33. Qh5 Ra7 34. Ne4 Qc2 35. Qh4 Ra8 36. Qf4 Qc7 37. Kh2 Qe7 38. Qf3 Rd8 39. Qe2 f5 40. exf6 gxf6 41. Qh5 Qc7+ 42. Kg1 Qg7 43. Qh4 Rd5 44. Qxf6 Qxf6 45. Nxf6 Rb5 46. Nd7 Bd6 47. g3 Kg7 48. Nc5 Bxc5 49. dxc5 h5 50. h4 Kf6 51. c6 Rb3 52. c7 1-0

[Event "Titled Tuesday intern op 2nd April"]
[Site "Chess.com INT"]
[Date "2019.04.02"]
[Round "1"]
[White "Kryakvin, Dmitry"]
[Black "Lagumina, Giulio"]
[Result "1-0"]
[WhiteElo "2590"]
[BlackElo "2199"]
[PlyCount "35"]
[EventDate "2019.04.02"]
[EventType "swiss (blitz)"]
[EventRounds "10"]
[EventCountry "USA"]
[SourceTitle "EXT 2021"]
[Source "ChessBase"]
[SourceDate "2020.10.23"]
[SourceVersion "1"]
[SourceVersionDate "2020.10.23"]
[SourceQuality "1"]

1. d4 g6 2. c4 Bg7 3. e4 d6 4. Nc3 e5 5. Nge2 Ne7 6. Be3 0-0 7. h4 f5 8. dxe5 dxe5 9. Qxd8 Rxd8 10. Bg5 Rd7 11. exf5 gxf5 12. Ng3 h6 13. Bxe7 Rxe7 14. 0-0-0 Re8 15. c5 Be6 16. Nd5 Bxd5 17. Rxd5 Nc6 18. Nxf5 1-0

[Event "Titled Tuesday intern op 17th April"]
[Site "Chess.com INT"]
[Date "2018.04.17"]
[Round "2"]
[White "Lagumina, Giulio"]
[Black "Dushyant, Sharma"]
[Result "1-0"]
[WhiteElo "2199"]
[BlackElo "2261"]
[PlyCount "127"]
[EventDate "2018.04.17"]
[EventType "swiss (blitz)"]
[EventRounds "10"]
[EventCountry "USA"]
[SourceTitle "EXT 2021"]
[Source "ChessBase"]
[SourceDate "2020.10.23"]
[SourceVersion "1"]
[SourceVersionDate "2020.10.23"]
[SourceQuality "1"]

1. e4 d5 2. exd5 Nf6 3. Nf3 Bg4 4. Bb5+ c6 5. dxc6 Nxc6 6. 0-0 e6 7. h3 Bh5 8. d3 h6 9. Be3 Bd6 10. Nbd2 0-0 11. c3 Bc7 12. d4 Ne7 13. Qb3 Nf5 14. Rfe1 Nd5 15. Bd3 Ndxe3 16. fxe3 Qd6 17. e4 Ng3 18. e5 Qd7 19. Ne4 Nxe4 20. Bxe4 f5 21. Bd3 Bxf3 22. gxf3 Qe7 23. Bc4 Rae8 24. Qc2 Qh4 25. Qg2 f4 26. Kh1 Rf5 27. Rg1 Rg5 28. Qh2 Rf8 29. Rg4 Rxg4 30. hxg4 Qe7 31. Rg1 Bd8 32. Qh5 a6 33. Kg2 b5 34. Bd3 Qf7 35. Qxf7+ Kxf7 36. Be4 Ke7 37. Kf2 Kd7 38. Ke2 Kc7 39. Kd3 Kb6 40. b3 Bh4 41. c4 Rd8 42. d5 Kc5 43. Rc1 b4 44. Ra1 Bf2 45. a3 a5 46. axb4+ axb4 47. Ra5+ Kb6 48. Rb5+ Kc7 49. d6+ Kd7 50. Rxb4 Rc8 51. Rb7+ Kd8 52. Rxg7 Rc5 53. Rg6 Rxe5 54. Rxh6 Bc5 55. Rh5 Bxd6 56. Rxe5 Bxe5 57. c5 Kc7 58. Kc4 Bf6 59. b4 e5 60. b5 Bh4 61. b6+ Kc8 62. c6 Bf6 63. Bf5+ Kb8 64. c7+ 1-0

[Event "Titled Tuesday intern op 17th April"]
[Site "Chess.com INT"]
[Date "2018.04.17"]
[Round "1"]
[White "Lagumina, Giulio"]
[Black "Kim, Sergey2222"]
[Result "0-1"]
[WhiteElo "2199"]
[BlackElo "2295"]
[PlyCount "108"]
[EventDate "2018.04.17"]
[EventType "swiss (blitz)"]
[EventRounds "10"]
[EventCountry "USA"]
[SourceTitle "EXT 2021"]
[Source "ChessBase"]
[SourceDate "2020.10.23"]
[SourceVersion "1"]
[SourceVersionDate "2020.10.23"]
[SourceQuality "1"]

1. e4 e5 2. Nf3 Nc6 3. Bc4 Bc5 4. c3 Nf6 5. d4 exd4 6. e5 d5 7. Bb5 Ne4 8. cxd4 Be7 9. Nc3 0-0 10. Be3 Bg4 11. h3 Bh5 12. Qc2 Bg6 13. Qb3 Nxc3 14. bxc3 Na5 15. Qa4 c6 16. Be2 b5 17. Qd1 Nc4 18. 0-0 a5 19. a4 b4 20. cxb4 axb4 21. Qb3 Na5 22. Qb2 Qb6 23. Nd2 Rfb8 24. f4 f6 25. f5 Be8 26. e6 c5 27. dxc5 Bxc5 28. Bxc5 Qxc5+ 29. Kh1 b3 30. Bf3 Rb4 31. Rad1 Rab8 32. Rc1 Qd6 33. Rfd1 Rxa4 34. Ne4 Qa3 35. Nxf6+ gxf6 36. Qxf6 Qf8 37. Qe5 Nc6 38. Qxd5 Ne7 39. Qe5 Rb5 40. Qg3+ Qg7 41. Qxg7+ Kxg7 42. Rd8 b2 43. Rb1 Ra1 44. Be4 Bc6 45. Bd3 Rd5 46. Rxd5 Bxd5 47. Kh2 Rxb1 48. Bxb1 Kf6 49. g4 Nc6 50. Kg3 Ne5 51. Kf4 Nc4 52. g5+ Ke7 53. g6 h6 54. Ba2 Kf6 0-1

[Event "Titled Tuesday intern op 17th April"]
[Site "Chess.com INT"]
[Date "2018.04.17"]
[Round "8"]
[White "Lagumina, Giulio"]
[Black "Wadsworth, Matthew J"]
[Result "1/2-1/2"]
[WhiteElo "2199"]
[BlackElo "2354"]
[PlyCount "101"]
[EventDate "2018.04.17"]
[EventType "swiss (blitz)"]
[EventRounds "10"]
[EventCountry "USA"]
[SourceTitle "EXT 2021"]
[Source "ChessBase"]
[SourceDate "2020.10.23"]
[SourceVersion "1"]
[SourceVersionDate "2020.10.23"]
[SourceQuality "1"]

1. e4 e6 2. b3 d5 3. Bb2 a6 4. Nc3 d4 5. Nce2 c5 6. c3 dxc3 7. dxc3 Qxd1+ 8. Rxd1 Nc6 9. Nf3 Nf6 10. Ng3 b6 11. e5 Nd7 12. c4 Bb7 13. Bd3 Nb4 14. Bb1 Be7 15. Ke2 0-0-0 16. a3 Nc6 17. Ne4 h6 18. Nd6+ Bxd6 19. Rxd6 g5 20. h3 h5 21. Nxg5 Ndxe5 22. Rhd1 Rxd6 23. Rxd6 Rg8 24. f4 Kc7 25. Rd1 Nd4+ 26. Bxd4 cxd4 27. Rxd4 Bxg2 28. h4 Nc6 29. Rd2 Nd8 30. f5 exf5 31. Bxf5 f6 32. Ne4 Bxe4 33. Bxe4 Rg4 34. Bf5 Rg2+ 35. Ke3 Rxd2 36. Kxd2 Nc6 37. Bg6 Nd4 38. Ke3 Nxb3 39. Bxh5 Kd6 40. Bf3 Ke7 41. Ke4 Kf7 42. Kd5 Kg6 43. Kc6 Nd2 44. Be2 Nb1 45. Kxb6 Nxa3 46. Kxa6 Nxc4 47. Bxc4 Kh5 48. Kb6 Kxh4 49. Be6 Kg5 50. Kc5 f5 51. Bxf5 1/2-1/2

[Event "Titled Tuesday intern op 4th July"]
[Site "Chess.com INT"]
[Date "2017.07.04"]
[Round "1"]
[White "Ernst, Sipke"]
[Black "Lagumina, Giulio"]
[Result "0-1"]
[WhiteElo "2522"]
[BlackElo "2231"]
[PlyCount "66"]
[EventDate "2017.07.04"]
[EventType "swiss (blitz)"]
[EventRounds "10"]
[EventCountry "USA"]
[SourceTitle "EXT 2021"]
[Source "ChessBase"]
[SourceDate "2020.10.23"]
[SourceVersion "1"]
[SourceVersionDate "2020.10.23"]
[SourceQuality "1"]

1. d4 g6 2. Nf3 Bg7 3. c4 d6 4. Nc3 f5 5. Bf4 Nf6 6. e3 0-0 7. Be2 Nc6 8. d5 e5 9. dxc6 exf4 10. cxb7 Bxb7 11. exf4 Ne4 12. Nd5 c6 13. Qb3 Qa5+ 14. Qb4 Qxb4+ 15. Nxb4 Bxb2 16. Rb1 Bc3+ 17. Kf1 Rab8 18. Nc2 c5 19. h4 Bc6 20. Rb3 Rxb3 21. axb3 Rb8 22. g3 Rxb3 23. Kg2 a5 24. Ne3 a4 25. Bd1 Rb2 26. Nc2 Bb4 27. h5 a3 28. hxg6 hxg6 29. Rh4 Nc3 30. Nxa3 Bxa3 31. Kh3 Nxd1 32. Ng5 Nxf2+ 33. Kh2 Ng4+ 0-1

[Event "Porto Mannu op 9th"]
[Site "Porto Mannu"]
[Date "2017.06.04"]
[Round "2"]
[White "De Francesco, Klaus"]
[Black "Lagumina, Giulio"]
[Result "1-0"]
[WhiteElo "2235"]
[BlackElo "2238"]
[PlyCount "45"]
[EventDate "2017.06.03"]
[EventType "swiss"]
[EventRounds "9"]
[EventCountry "ITA"]
[SourceTitle "CBM 178 Extra"]
[Source "ChessBase"]
[SourceDate "2017.06.22"]
[SourceVersion "1"]
[SourceVersionDate "2017.06.22"]
[SourceQuality "1"]

1. d4 g6 2. c4 Bg7 3. e4 d6 4. Nc3 e5 5. d5 a5 6. Be3 Na6 7. Bd3 Bd7 8. Nge2 Qh4 9. g3 Qh3 10. Qd2 Bh6 11. f4 Nf6 12. Ng1 Qh5 13. Be2 Bg4 14. 0-0-0 Nc5 15. Bxc5 dxc5 16. h3 Bxe2 17. Ngxe2 0-0 18. g4 Qh4 19. g5 exf4 20. gxh6 f3 21. Qf4 Qxf4+ 22. Nxf4 Rfe8 23. Rde1 1-0

[Event "Titled Tuesday intern Qual4 25th April"]
[Site "Chess.com INT"]
[Date "2017.04.25"]
[Round "2"]
[White "Mustaps, Matiss"]
[Black "Lagumina, Giulio"]
[Result "1-0"]
[WhiteElo "2302"]
[BlackElo "2238"]
[PlyCount "113"]
[EventDate "2017.04.25"]
[EventType "swiss (blitz)"]
[EventRounds "10"]
[EventCountry "USA"]
[SourceTitle "EXT 2021"]
[Source "ChessBase"]
[SourceDate "2020.10.23"]
[SourceVersion "1"]
[SourceVersionDate "2020.10.23"]
[SourceQuality "1"]

1. e4 g6 2. d4 Bg7 3. Nc3 c6 4. h3 d6 5. f4 e5 6. Nf3 exd4 7. Nxd4 Qh4+ 8. Ke2 Nd7 9. Nf3 Qe7 10. g3 Ngf6 11. Bg2 Nc5 12. Re1 Nfxe4 13. Nxe4 Nxe4 14. Kf1 d5 15. Kg1 0-0 16. Kh2 Be6 17. c3 f5 18. Be3 c5 19. Rc1 Rad8 20. Qa4 b6 21. Qa3 h6 22. b4 d4 23. cxd4 cxd4 24. Bg1 d3 25. Rcd1 d2 26. Re3 a5 27. Qa4 Qxb4 28. Qxb4 axb4 29. Nxd2 Nc3 30. Rxe6 Nxd1 31. Nc4 Kh7 32. Rxb6 Rc8 33. Rxb4 Rfd8 34. h4 Nc3 35. h5 gxh5 36. Bh3 Rd5 37. Nd6 Rf8 38. Nc4 Ne4 39. Rb7 Kg6 40. a4 h4 41. gxh4 h5 42. a5 Bh6 43. Be3 Nd6 44. Rb6 Rf6 45. Ne5+ Kh7 46. a6 Ra5 47. Rxd6 Rxd6 48. Bxf5+ Kh8 49. Nf7+ Kg7 50. Nxd6 Rxa6 51. Bd4+ Kf8 52. Bc5 Rc6 53. Ne4+ Kf7 54. Kg3 Bg7 55. Be3 Rc2 56. Ng5+ Ke8 57. Bxc2 1-0

[Event "Titled Tuesday intern Qual3 18th April"]
[Site "Chess.com INT"]
[Date "2017.04.18"]
[Round "5"]
[White "Sabuk, Piotr"]
[Black "Lagumina, Giulio"]
[Result "1-0"]
[WhiteElo "2365"]
[BlackElo "2238"]
[PlyCount "35"]
[EventDate "2017.04.18"]
[EventType "swiss (blitz)"]
[EventRounds "10"]
[EventCountry "USA"]
[SourceTitle "EXT 2021"]
[Source "ChessBase"]
[SourceDate "2020.10.23"]
[SourceVersion "1"]
[SourceVersionDate "2020.10.23"]
[SourceQuality "1"]

1. d4 g6 2. c4 Bg7 3. Nf3 d6 4. Nc3 e5 5. dxe5 dxe5 6. Qxd8+ Kxd8 7. g3 c6 8. Bg2 Be6 9. Ng5 Bxc4 10. b3 e4 11. Bb2 h6 12. Ngxe4 Be6 13. 0-0-0+ Kc7 14. Nb5+ cxb5 15. Bxg7 Rh7 16. Be5+ Kb6 17. Rd8 Ne7 18. Rxb8 1-0

[Event "Titled Tuesday intern Qual1 4th April"]
[Site "Chess.com INT"]
[Date "2017.04.04"]
[Round "8"]
[White "Atanasov, Anthony"]
[Black "Lagumina, Giulio"]
[Result "0-1"]
[WhiteElo "1594"]
[BlackElo "2238"]
[PlyCount "110"]
[EventDate "2017.04.04"]
[EventType "swiss (blitz)"]
[EventRounds "10"]
[EventCountry "USA"]
[SourceTitle "EXT 2021"]
[Source "ChessBase"]
[SourceDate "2020.10.23"]
[SourceVersion "1"]
[SourceVersionDate "2020.10.23"]
[SourceQuality "1"]

1. e4 c5 2. Nf3 e6 3. d4 cxd4 4. Nxd4 Nc6 5. Nc3 Qc7 6. Be3 a6 7. Be2 Nf6 8. 0-0 b5 9. h3 Bb7 10. f4 b4 11. Na4 Nxe4 12. Nxc6 Qxc6 13. Nb6 Bc5 14. Nxa8 Bxe3+ 15. Kh2 Nd2 16. Bf3 Bxf4+ 17. Kh1 Nxf3 18. Rxf3 Bxa8 19. Qf1 Bc7 20. Re1 Qd6 21. Kg1 Qh2+ 22. Kf2 Bxf3 23. Kxf3 0-0 24. Qxa6 Qg3+ 25. Ke2 Qxg2+ 26. Kd1 Bf4 27. Qd3 Rc8 28. Qe4 Qxe4 29. Rxe4 Bd6 30. Rd4 Rc6 31. c3 bxc3 32. bxc3 f5 33. c4 Kf7 34. c5 Bxc5 35. Rxd7+ Kf6 36. a4 h5 37. Rb7 g5 38. a5 g4 39. hxg4 hxg4 40. Ke2 g3 41. Kf3 Bf2 42. Rb3 e5 43. Ra3 e4+ 44. Kg2 f4 45. a6 f3+ 46. Rxf3+ exf3+ 47. Kxf3 Rxa6 48. Kg2 Kg5 49. Kf3 Ra3+ 50. Kg2 Kg4 51. Kh1 Be1 52. Kg2 Ra2+ 53. Kh1 Kh3 54. Kg1 Bf2+ 55. Kf1 g2# 0-1

[Event "Titled Tuesday intern Qual1 4th April"]
[Site "Chess.com INT"]
[Date "2017.04.04"]
[Round "6"]
[White "Lagumina, Giulio"]
[Black "Johnson, Joel F"]
[Result "0-1"]
[WhiteElo "2238"]
[BlackElo "2223"]
[PlyCount "30"]
[EventDate "2017.04.04"]
[EventType "swiss (blitz)"]
[EventRounds "10"]
[EventCountry "USA"]
[SourceTitle "EXT 2021"]
[Source "ChessBase"]
[SourceDate "2020.10.23"]
[SourceVersion "1"]
[SourceVersionDate "2020.10.23"]
[SourceQuality "1"]

1. e4 Nf6 2. Nc3 d5 3. e5 d4 4. exf6 dxc3 5. fxg7 cxd2+ 6. Bxd2 Bxg7 7. Qf3 Qd6 8. 0-0-0 Qb6 9. c3 Be6 10. Qg3 Bf6 11. Bf4 Nd7 12. Bxc7 Qc6 13. Nf3 Rc8 14. Ba5 Qa4 15. Bb4 Qxb4 0-1

[Event "Titled Tuesday intern Qual1 4th April"]
[Site "Chess.com INT"]
[Date "2017.04.04"]
[Round "1"]
[White "Lagumina, Giulio"]
[Black "Leiva Rodriguez, Jeammarco Giuseppe"]
[Result "1-0"]
[WhiteElo "2238"]
[BlackElo "2427"]
[PlyCount "75"]
[EventDate "2017.04.04"]
[EventType "swiss (blitz)"]
[EventRounds "10"]
[EventCountry "USA"]
[SourceTitle "EXT 2021"]
[Source "ChessBase"]
[SourceDate "2020.10.23"]
[SourceVersion "1"]
[SourceVersionDate "2020.10.23"]
[SourceQuality "1"]

1. e4 c5 2. Nf3 d6 3. Bb5+ Nd7 4. 0-0 Ngf6 5. Re1 a6 6. Bd3 b6 7. c3 Bb7 8. Bc2 Qc7 9. d4 cxd4 10. cxd4 e6 11. Nc3 Rc8 12. Bg5 h6 13. Bf4 Be7 14. Rc1 Qb8 15. Qd2 b5 16. a3 Nb6 17. b3 d5 18. e5 Nfd7 19. Bd3 Bxa3 20. Rc2 Bb4 21. Qc1 Rc6 22. Ree2 Bxc3 23. Rxc3 Rxc3 24. Qxc3 0-0 25. Qd2 Nc4 26. bxc4 dxc4 27. Bb1 Bxf3 28. gxf3 Rd8 29. Bxh6 gxh6 30. Qxh6 f5 31. exf6 Nxf6 32. Qg6+ Kf8 33. Qxf6+ Kg8 34. Qxe6+ Kh8 35. Qf6+ Kg8 36. Re7 Qe5 37. Qf7+ Kh8 38. Qh7# 1-0

[Event "Titled Tuesday intern Qual1 4th April"]
[Site "Chess.com INT"]
[Date "2017.04.04"]
[Round "9"]
[White "Lagumina, Giulio"]
[Black "Tashkov, Rumen"]
[Result "0-1"]
[WhiteElo "2238"]
[BlackElo "2236"]
[PlyCount "46"]
[EventDate "2017.04.04"]
[EventType "swiss (blitz)"]
[EventRounds "10"]
[EventCountry "USA"]
[SourceTitle "EXT 2021"]
[Source "ChessBase"]
[SourceDate "2020.10.23"]
[SourceVersion "1"]
[SourceVersionDate "2020.10.23"]
[SourceQuality "1"]

1. e4 d6 2. d4 Nf6 3. Nc3 g6 4. f4 Bg7 5. Nf3 0-0 6. e5 dxe5 7. fxe5 Nd5 8. Bc4 Be6 9. Nxd5 Bxd5 10. Bxd5 Qxd5 11. 0-0 c5 12. dxc5 Qxc5+ 13. Kh1 Nc6 14. e6 fxe6 15. Qe2 e5 16. c3 b5 17. Be3 Qc4 18. Qe1 e4 19. Ng5 h6 20. Nh3 Rxf1+ 21. Qxf1 Rf8 22. Nf2 Ne5 23. Bd4 Nd3 0-1

[Event "Titled Tuesday intern op 7th March"]
[Site "Chess.com INT"]
[Date "2017.03.07"]
[Round "7"]
[White "Lagumina, Giulio"]
[Black "Arnold, Ken"]
[Result "1-0"]
[WhiteElo "2238"]
[BlackElo "2157"]
[PlyCount "95"]
[EventDate "2017.03.07"]
[EventType "swiss (blitz)"]
[EventRounds "11"]
[EventCountry "USA"]
[SourceTitle "EXT 2021"]
[Source "ChessBase"]
[SourceDate "2020.10.23"]
[SourceVersion "1"]
[SourceVersionDate "2020.10.23"]
[SourceQuality "1"]

1. e4 c5 2. Nf3 d6 3. Bb5+ Bd7 4. Bxd7+ Qxd7 5. 0-0 Nc6 6. c3 Nf6 7. Re1 e6 8. d4 cxd4 9. cxd4 Be7 10. Nc3 0-0 11. d5 exd5 12. exd5 Nb4 13. a3 Na6 14. Nd4 Rfe8 15. Bg5 h6 16. Bf4 Nc5 17. Qf3 a5 18. Re3 Ng4 19. Re2 Bf6 20. Ndb5 Ne5 21. Qg3 Kh8 22. Rae1 Ncd3 23. Bxe5 Nxe5 24. f4 Nc4 25. Rxe8+ Rxe8 26. Rxe8+ Qxe8 27. h3 Bxc3 28. Nxc3 b5 29. f5 b4 30. axb4 axb4 31. Na2 Qa4 32. b3 Qxa2 33. bxc4 Qxc4 34. Qxd6 Qd4+ 35. Kh2 Kh7 36. f6 gxf6 37. Qd7 Kg7 38. d6 Qe5+ 39. Kh1 h5 40. Qe7 Qa1+ 41. Kh2 b3 42. d7 b2 43. d8Q b1Q 44. Qdf8+ Kg6 45. Qfxf7+ Kf5 46. Qd5+ Qe5+ 47. Qdxe5+ fxe5 48. Qh7+ 1-0

[Event "Forni di Sopra op 6th"]
[Site "Forni di Sopra"]
[Date "2015.06.18"]
[Round "7"]
[White "Lagumina, Giulio"]
[Black "Mileto, Gabriele"]
[Result "1/2-1/2"]
[WhiteElo "2326"]
[BlackElo "2150"]
[PlyCount "23"]
[EventDate "2015.06.13"]
[EventType "swiss"]
[EventRounds "9"]
[EventCountry "ITA"]
[SourceTitle "CBM 167 Extra"]
[Source "ChessBase"]
[SourceDate "2015.09.14"]
[SourceVersion "1"]
[SourceVersionDate "2015.09.14"]
[SourceQuality "1"]

1. e4 c5 2. Nf3 d6 3. Bb5+ Nd7 4. 0-0 a6 5. Bd3 Ngf6 6. Re1 Qc7 7. c3 Ne5 8. Nxe5 dxe5 9. a4 e6 10. Bc4 Be7 11. d3 0-0 12. Be3 1/2-1/2

[Event "Forni di Sopra op 6th"]
[Site "Forni di Sopra"]
[Date "2015.06.14"]
[Round "2"]
[White "Horvath, Csaba"]
[Black "Lagumina, Giulio"]
[Result "1-0"]
[WhiteElo "2546"]
[BlackElo "2326"]
[PlyCount "53"]
[EventDate "2015.06.13"]
[EventType "swiss"]
[EventRounds "9"]
[EventCountry "ITA"]
[SourceTitle "CBM 167 Extra"]
[Source "ChessBase"]
[SourceDate "2015.09.14"]
[SourceVersion "1"]
[SourceVersionDate "2015.09.14"]
[SourceQuality "1"]

1. Nf3 d5 2. g3 Nf6 3. Bg2 e6 4. 0-0 Be7 5. c4 0-0 6. d4 dxc4 7. Ne5 Nc6 8. Bxc6 bxc6 9. Nxc6 Qe8 10. Nxe7+ Qxe7 11. Qc2 e5 12. Rd1 exd4 13. Rxd4 Be6 14. Nc3 Rfd8 15. Rxd8+ Rxd8 16. Bg5 h6 17. Bxf6 Qxf6 18. Rd1 Rb8 19. Rd2 Qe5 20. Kg2 Re8 21. Qa4 Ra8 22. Qc6 Rb8 23. f4 Qa5 24. e4 Kh7 25. f5 Bc8 26. Qxc4 Bb7 27. Qxf7 1-0

[Event "Forni di Sopra op 6th"]
[Site "Forni di Sopra"]
[Date "2015.06.13"]
[Round "1"]
[White "Lagumina, Giulio"]
[Black "Alboredo, Julia"]
[Result "1-0"]
[WhiteElo "2326"]
[BlackElo "2064"]
[PlyCount "89"]
[EventDate "2015.06.13"]
[EventType "swiss"]
[EventRounds "9"]
[EventCountry "ITA"]
[SourceTitle "EXT 2017"]
[Source "ChessBase"]
[SourceDate "2016.10.25"]
[SourceVersion "1"]
[SourceVersionDate "2016.10.25"]
[SourceQuality "1"]

1. e4 c5 2. Nf3 d6 3. Bb5+ Bd7 4. Bxd7+ Nxd7 5. 0-0 Ngf6 6. Qe2 e6 7. b3 Be7 8. Bb2 0-0 9. c4 Qc7 10. d4 cxd4 11. Nxd4 a6 12. Nc3 Rfe8 13. Rae1 Bf8 14. Kh1 Rad8 15. f4 e5 16. fxe5 dxe5 17. Nf5 Bb4 18. Rd1 Bxc3 19. Bxc3 g6 20. Ne3 Kg7 21. Qf3 Qc6 22. Nd5 Rc8 23. Bb4 Re6 24. Ne7 Rxe7 25. Bxe7 Qe6 26. Ba3 Nc5 27. Bxc5 Rxc5 28. Rd2 Rc7 29. Rfd1 Rd7 30. Rxd7 Nxd7 31. Qd3 Nf6 32. h3 Qc6 33. Qc3 Qe6 34. Re1 Nh5 35. b4 Qf6 36. Qf3 Qb6 37. a3 Qe6 38. c5 Qc4 39. Rd1 Nf6 40. Qd3 Qa2 41. Rf1 Nh5 42. Qd5 Ng3+ 43. Kg1 Qxd5 44. exd5 Nxf1 45. c6 1-0